1818 1445 1562 1980 1091 1063 1841 1471 1330 1891 1803 1615 1699 1985 1728 1067 1466 1855 1795 1385 1234 1872 1085 1852 1185 1036 1982 2000 1057 1822 1743 1331 1403 1237 1020 1082 1071 1329 1296 1572 1923 1469 1259 1584 1454 1103 1296 1406 1621 1897 1265 1896 1934 1493 1405 1712 1674 1231 1651 1250 1221 1300 1788 1216 1349 1049 1093 1951 1168 1257 1510 1901 1150 1116 1949 1905 1719 1688 1912 1915 1017 1876 1909 1138 1270 1651 1365 1964 1684 1317 1446 1802 1428 1672 1394 1601 1550 1522 1302 BCNSPRNW ULIB Ver.6.0+V

เปลี่ยนเป็นภาษาไทย

Change to English
 แสดงรายละเอียดบรรณานุกรม
  กลับหน้าหลัก

Brief Record : Get Marc (ISO 2709) : E-mail record : QR code < ปิดหน้าต่าง
LEADER : 00000nam 2200000uu 4500
001    13399128351
003     ULIB
008    020711s2565 th a 000 0 tha d
020    ^a9786165930987
060    ^aWY160^bว464ก
100    ^aวาทินี สุขมาก
245    ^aการวางแผนการพยาบาลผู้ที่มีปัญหาทางจิตเวชเพื่อการดูแลต่อเนื่อง: Nursing care plans for continuity of care in psychiatric nursing, เล่มที่ 1
250    ^aพิมพ์ครั้งที่ 1
260    ^aมหาสารคาม :^bสำนักพิมพ์สวนหนังสือ,^c2565
300    ^a299 หน้า;^b30 ซม.
650    ^aการพยาบาลจิตเวช
945    ^p399^l0^i009739
999    ^aประนอม เกษจรัล
รายการนี้ยังไม่มีแท็ก
คุณยังไม่ได้ล็อกอิน คุณสามารถมีกิจกรรมร่วมกับเว็บไซต์ได้ แต่ต้องล็อกอินก่อน ::
  ล็อกอิน

รายการสื่อสารสนเทศ

ลำดับที่ ประเภท เลขเรียก/บาร์โค้ด สถานที่ สถานะ
1. Book การพยาบาล
หนังสือสำรอง
สถานะ=หนังสือสำรอง
WY160 ว464ก ฉ.1 
  Barcode: 009739
ห้องสมุดวิทยาเขตสวรรค์ประชารักษ์
►หนังสือทั่วไป
บนชั้น

รายการใกล้เคียง
    ผู้แต่ง [วาทินี สุขมาก]

    หัวเรื่อง [การพยาบาลจิตเวช]

BibComment


ยังไม่เคยถูกคอมเมนท์

คอมเมนท์ทรัพยากรรายการนี้
  คอมเมนท์: การวางแผนการพยาบ..


 Copyright 2026. Bcnsprnw @Library